Geography Quiz

Random Geography or Blitz Quiz

Countries by 4-Letter City Quiz Stats

 Plays Quiz Updated Nov 11, 2019

Score 0/30 Timer 02:30
1 Play Today
Question Answer Wrong Answers
Rome Italy
94.7%
Spain
0.3%
France
0.2%
Switzerland
0.1%
York United Kingdom
94.1%
Yemen
0.4%
Cyprus
0.4%
Ghana
0.4%
Nice France
93.8%
Bahamas
0.5%
Nigeria
0.4%
Andorra
0.5%
Oslo Norway
91.3%
Denmark
1.4%
Iceland
0.4%
Finland
2.4%
Lima Peru
91.1%
Chile
2.2%
Bolivia
1.1%
Venezuela
0.7%
Reno United States
86.5%
Jamaica
4.5%
Australia
2.3%
Ireland
1.6%
Riga Latvia
86.4%
Poland
2.8%
Czechia
2.7%
Ukraine
3.2%
Suez Egypt
85.6%
Sudan
3.8%
Seychelles
2.6%
Oman
2.9%
Kobe Japan
83.5%
South Korea
5.7%
China
1.7%
Vietnam
3.8%
Doha Qatar
82.9%
Saudi Arabia
5.9%
Comoros
1.6%
Jordan
4%
Bonn Germany
79%
Austria
7.2%
Belgium
4.7%
Denmark
3.5%
Linz Austria
75.5%
Liechtenstein
8.8%
Luxembourg
6.5%
Lesotho
2.8%
Baku Azerbaijan
72.2%
Georgia
6%
Armenia
6.3%
Uzbekistan
9.4%
Suva Fiji
69.4%
Sri Lanka
10.3%
Ecuador
5.9%
Madagascar
7.5%
Lviv Ukraine
69.3%
Bulgaria
10%
Serbia
8.2%
Romania
5.9%
Dili Timor-Leste
60.8%
Indonesia
14.4%
Malaysia
9.3%
Laos
8.3%
Oulu Finland
60.1%
Estonia
15.3%
Latvia
6.6%
Lithuania
10.5%
Cali Colombia
58.8%
Guyana
9.5%
Suriname
10.9%
Brazil
14%
Juba South Sudan
58.8%
Eritrea
11%
Kenya
13%
Tanzania
10.1%
Omsk Russia
58.2%
Belarus
24.1%
Moldova
4.1%
Kyrgyzstan
7.3%
Lomé Togo
57%
Uganda
10.4%
Malawi
15.3%
Rwanda
10.5%
Apia Samoa
56.3%
Papua New Guinea
18.3%
Antigua and Barbuda
7.4%
Mauritius
10.8%
Pécs Hungary
53.4%
Slovakia
26.8%
Austria
4.4%
Greece
8%
Pune India
52.9%
Bhutan
14.4%
Nepal
12.3%
Bangladesh
13.2%
Homs Syria
49.8%
Lebanon
16.6%
Turkey
13.5%
Israel
12.8%
Wuhu China
49.1%
Cambodia
11.7%
Taiwan
17%
Mongolia
14.9%
Vigo Spain
42%
Portugal
28.4%
Cabo Verde
14%
Angola
8.7%
Oran Algeria
39.4%
Mali
15.7%
Niger
17.8%
Chad
19.5%
Iași Romania
38.4%
Ukraine
4.5%
Bosnia and Herzegovina
17.6%
Turkey
32.1%
Yazd Iran
35.2%
Bahrain
9.1%
Pakistan
11.9%
Uzbekistan
36.1%

You're not logged in!

Compare scores with friends on all Sporcle quizzes.
OR
Log In

Sporcle TV

Today on Sporcle TV


Watch our educational content, quiz creation guides, and fun videos on Sporcle TV.

Show Comments

Extras

Top Quizzes Today


Score Distribution

Your Account Isn't Verified!

In order to create a playlist on Sporcle, you need to verify the email address you used during registration. Go to your Sporcle Settings to finish the process.

Report this User

Report this user for behavior that violates our Community Guidelines.

Details: